ბათუმის შოთა რუსთაველის სახელმწიფო უნივერსიტეტის ბიბლიოთეკა

ეპოქათა მიჯნაზე : (ბიბ.ჩანაწერი № 63841)

000 -ლიდერი
ფიქსირებული სიგრძის საკონტროლო ველი 00951nam a22002177a 4500
003 - საკონტროლო ნომრის იდენტიფიკატორი
საკონტროლო ველი Ge_BSU
005 - ბოლო ოპერაციის თარიღი და დრო
საკონტროლო ველი 20260202212350.0
008 - ფიქსირებული სიგრძის მონაცემთა ელემენტები - ზოგადი ინფორმაცია
ფიქსირებული სიგრძის საკონტროლო ველი 260202s2026 ge ||||| |||| 00| 0 geo d
020 ## - წიგნის საერთაშორისო სტანდარტული ნომერი
International Standard Book Number 9789941500534
041 ## - ენის კოდი
Language code of text/sound track or separate title geo
080 ## - უნივერსალური ათობითი კლასიფიკაციის ინდექსი
Universal Decimal Classification number 821.353.1-4(479.223) მ-44
100 ## - მთავარი ჩანაწერი - პიროვნების სახელი
Personal name მახაჭაძე, შორენა
9 (RLIN) 3197
245 ## - ცნობა სათაურის შესახებ
Title ეპოქათა მიჯნაზე :
Remainder of title ესეები აჭარაში მოღვაწე ქართველ მწერლებზე /
Statement of responsibility, etc შრენა მახაჭაძე; რედ. დ. თედორაძე
264 ## - წარმოების, გამოცემის, დისტრიბუციის და სხვა ცნობები
გამოცემის, წარმოების, დისტრიბუციის... ადგილი ბათუმი,
გამოცემის, წარმოების, დისტრიბუციის... თარიღი 2025.
300 ## - ფიზიკური აღწერა
Extent 280 გვ.
Other physical details 20 სმ.
501 ## - შენიშვნა თანმხლებ მასალაზე
With note პირთა საძიებელი გვ. 277-280
504 ## - BIBLIOGRAPHY, ETC. NOTE
Bibliography, etc ბიბლიოგრ. გვ. 272-276
653 ## - INDEX TERM--UNCONTROLLED
Uncontrolled term ესეები
700 ## - ADDED ENTRY--PERSONAL NAME
Personal name თედორაძე, დ.
Relator term რედაქტორი
9 (RLIN) 5037
942 ## - ADDED ENTRY ELEMENTS (KOHA)
Source of classification or shelving scheme
Koha item type წიგნი
ეგზემპლარები
ჩამოწერის სტატუსი დაკარგული ეგზემპლარის სტატუსი კლასიფიკაციის წყარო ან თაროზე გაწყობის სქემა დაზიანების სტატუსი არ გაიცემა მუდმივი მდებარეობა (დაცვის ადგილი) ამჟამინდელი ადგილსამყოფელი თაროზე განთავსების ადგილი შეძენის თარიღი ღირებულება, შესყიდვის ნორმალური ფასი სრული შენახვის შიფრი შტრიხკოდი ბოლო ოპერაციის თარიღი ეგზემპლარის მიმდევრობითი ნომერი (კეტერი?) Uniform Resource Identifier ფასის ძალაში შესვლის თარიღი ეგზემპლარის სახეობა საჯარო შენიშვნა
          ბათუმის შოთა რუსთაველის სახელმწიფო უნივერსიტეტის მთავარი ბიბლიოთეკა ბათუმის შოთა რუსთაველის სახელმწიფო უნივერსიტეტის მთავარი ბიბლიოთეკა წიგნსაცავი 2026-02-02 8.00 821.353.1-4(479.223) მ-44 73659 2026-02-02 73659 ნაჩუქარი 2026-02-02 წიგნი 8 ლ.
          ბათუმის შოთა რუსთაველის სახელმწიფო უნივერსიტეტის მთავარი ბიბლიოთეკა ბათუმის შოთა რუსთაველის სახელმწიფო უნივერსიტეტის მთავარი ბიბლიოთეკა წიგნსაცავი 2026-02-02 8.00 821.353.1-4(479.223) მ-44 73660 2026-02-02 73660 ნაჩუქარი 2026-02-02 წიგნი 8 ლ.